00361nam a2200121 a 450000500170000000800410001702000140005805000240007210000290009624500510012526000410017630000220021720140310183320.0060303s19uu xx 00 eng d a034540498 aPS 3566b.P317 1996 aPatterson, Richard North aThe final judgment /cRichard North Patterson. aNew York :bBallantine Books,c1996. a500 p. :c17 cm.